Statistics for The Chemical Brothers Discography

Click here to take the quiz!

General Stats

  • This quiz has been taken 27 times
    (15 since last reset)
  • The average score is 13 of 158

Answer Stats

AlbumSong% Correct
Go (featuring Q-Tip)
56%
Hey Boy Hey Girl
44%
Exit Planet DustLeave Home
44%
Dig Your Own HoleBlock Rockin' Beats
33%
Non-Album SingleC-H-E-M-I-C-A-L
33%
Push The ButtonGalvanize (featuring Q-Tip)
33%
In Dust We Trust
33%
No Geography
33%
Out Of Control (featuring Bernard Summer)
33%
Star Guitar
33%
The Salmon Dance (featuring Fatlip)
33%
**** Up Beats
33%
| Fourteenth Century Sky EPChemical Beats
22%
Chemical Beats (Dave Clarke Remix)
22%
Denmark
22%
Dig Your Own Hole
22%
Do It Again (featuring Ali Love)
22%
Elektrobank
22%
MAH
22%
MAH (Electronic Battle Weapon Version)
22%
Marvo Ging
22%
SurrenderMusic: Response
22%
Orange Wedge
22%
Setting Sun (featuring Noel Gallagher)
22%
FurtherSnow
22%
Born In The EchoesSometimes I Feel So Deserted (featuring Daniel Pierce)
22%
Song To The Siren
22%
The Boxer (featuring Tim Burgress)
22%
The Private Psychedelic Reel
22%
The Sunshine Underground
22%
Under The Influence
22%
We Are The Night
22%
Wide Open (featuring Beck)
22%
Alive Alone (featuring Beth Orton)
11%
A Modern Midnight Conversation
11%
Battle Scars (featuring Willy Mason)
11%
Born in the Echoes (featuring Cate Le Bon)
11%
Burst Generator
11%
Chico's Groove
11%
Come Inside
11%
Come With UsCome with Us
11%
No GeographyEve of Destruction
11%
Got Glint?
11%
Got to Keep On
11%
Got to Keep On (Extended mix)
11%
Harpoons
11%
Horse Power
11%
It Began in Afrika
11%
BrotherhoodKeep My Composure (featuring Spank Rock)
11%
Left Right (featuring Anwar Superstar)
11%
Let Forever Be (featuring Noel Gallagher)
11%
Life Is Sweet (featuring Tim Burgress)
11%
My Elastic Eye
11%
No Need
11%
We Are The NightNo Path To Follow (featuring Willy Mason)
11%
Saturate
11%
Seal (featuring Juana Molina)
11%
Shake Break Bounce
11%
Surface To Air
11%
Surrender
11%
Swoon
11%
The Golden Path (featuring The Flaming Lips)
11%
The Pills Won't Help You Now (featuring Tim Smith of Midlake)
11%
The Test (featuring Richard Ashcroft)
11%
The Universe Sent Me
11%
We've Got to Try
11%
All Rights Reserved (featuring Klaxons and Lightspeed Champion)
0%
Another World
0%
Asleep from Day (featuring Hope Sandoval)
0%
Bahnhof Rumble
0%
Bango
0%
Base 6
0%
Believe (featuring Kele Okereke)
0%
Car Chase (Arp Worship)
0%
Catch Me I'm Falling
0%
Chalice 1
0%
Clip Kiss
0%
Close Your Eyes (featuring The Magic Numbers)
0%
Container Park
0%
Das Spiegel
0%
Delik
0%
Dissolve
0%
Don't Stop the Rock
0%
Don't Think
0%
Dope Coil
0%
Dream On / Dream On (Reprise) [featuring Jonathan Donahue]
0%
Dust-Up-Beats
0%
Electronic Battle Weapon 6
0%
EML Ritual (featuring Ali Love)
0%
Escape 700
0%
Escape Velocity
0%
Escape Wavefold
0%
Fantai
0%
Free Yourself
0%
Galaxy Bounce
0%
Get Up on It Like This
0%
Get Up On It Like This
0%
Singles 93-03Get Yourself High (featuring k-os)
0%
Giant
0%
Gravity Drops
0%
Hanna: OMPSHanna's Theme
0%
Hanna's Theme (Vocal Version) [featuring Stephanie Dosen]
0%
Hanna vs. Marissa
0%
Her Jazz
0%
AmericanEPH.I.A
0%
H.I.A.
0%
Hold Tight London (featuring Anna-Lynne Williams)
0%
Hoops
0%
If You Kling To Me I'll Klong To You
0%
I'll See You There
0%
Interrogation / Lonesome Subway / Grimm's House
0%
Isolated Howl
0%
It Doesn't Matter
0%
Just Bang
0%
K+D+B
0%
Let Me in Mate
0%
Let Us Build A City
0%
Loops of Fury EPLoops of Fury
0%
Lost in the K-Hole
0%
Map Sounds / Chalice 2
0%
Marissa Flashback
0%
Midnight Madness
0%
My Mercury Mouth EPMy Mercury Mouth
0%
Not Another Drugstore (Planet Nine Mix)
0%
B-Sides Volume 1Nude Night
0%
One Too Many Mornings
0%
Otter Rock
0%
Piku
0%
Pioneer Skies
0%
Playground for a Wedgeless Firm
0%
Pourquoi
0%
Prescription Beats
0%
Quayside Synthesis
0%
Radiate
0%
Reflexion
0%
Scale
0%
Silver Drizzle
0%
Snooprah
0%
Special Ops
0%
Sun Collapse
0%
Taste of Honey
0%
(The Best Part Of) Breaking Up
0%
The Big Jump
0%
The Devil Is in the Beats
0%
The Devil Is in the Details
0%
The Diamond Sky
0%
The Duke
0%
The Forest
0%
The Rock Drill
0%
The Sandman
0%
The State We're In (featuring Beth Orton)
0%
Three Littles Birdies Down Beats
0%
Under Neon Lights (featuring Annie Clark)
0%
Where Do I Begin (featuring Beth Orton)
0%
Wo Ha
0%
Wonders of the Deep
0%

Score Distribution

Percentile by Number Answered

Percent of People with Each Score

Your Score History

You have not taken this quiz since the last reset